Dejennos Tranquilas/ (Record no. 195492)

MARC details
000 -LEADER
fixed length control field 00477nam a22001937a 4500
005 - DATE AND TIME OF LATEST TRANSACTION
control field 20230331115452.0
010 ## - LCCN (DPL NO)
LC control number B-755432
020 ## - INTERNATIONAL STANDARD BOOK NUMBER
International Standard Book Number 9789587534252
035 ## - SYSTEM CONTROL NUMBER
System control number B-755432
037 ## - SOURCE OF ACQUISITION
Source of stock number/acquisition Gift
082 ## - DEWEY DECIMAL CLASSIFICATION NUMBER
Classification number 888
100 ## - MAIN ENTRY--PERSONAL NAME
Personal name Navarro, Sofia Ospina De
245 ## - TITLE STATEMENT
Title Dejennos Tranquilas/
Statement of responsibility, etc Sofia Ospina De Navarro
260 ## - PUBLICATION, DISTRIBUTION, ETC. (IMPRINT)
Place of publication, distribution, etc Colombia
270 ## - ADDRESS
Address Colombia
300 ## - PHYSICAL DESCRIPTION
Extent 116p.
Dimensions 21cm(pbk)
942 ## - ADDED ENTRY ELEMENTS (KOHA)
Source of classification or shelving scheme Dewey Decimal Classification
Item type English Books
Call number suffix 888
Holdings
Withdrawn status Lost status Not for loan Collection code Home library Current library Date acquired Source of acquisition Full call number Barcode Copy number Koha item type Public note
      Non-fiction Central Library Central Library 31/03/2023 Gift 888 B-755432 1 English Books Gift

© Delhi Public Library
Hit Counter
free hit counter